| 000 | 00450cam a2200181ua 4500 | ||
|---|---|---|---|
| 001 | 12164 | ||
| 008 | 200226n ii |||gr||||Z||||||eng | ||
| 020 | _a8170226651 | ||
| 040 | _cMAIN | ||
| 082 | _a954.162 | ||
| 100 |
_aM L Bose, _eAuthor. |
||
| 245 |
_aHistory of arunachal pradesh _cBy M L Bose |
||
| 250 | _a1st ed. | ||
| 260 |
_aNew Delhi: _bConcept publishing company, _c1997. |
||
| 300 | _a298p. | ||
| 653 | _aSouth Asia India | ||
| 942 | _cBK | ||
| 999 |
_c10924 _d10924 |
||